Směrnice pro měření teplot v prúmyslu. ČSN schválena 15.7.1988
Guardado en:
| Formato: | Libro |
|---|---|
| Lenguaje: | checo |
| Publicado: |
Praha :
VÚNM,
1989
|
| Etiquetas: |
Sin Etiquetas, Sea el primero en etiquetar este registro!
|
MARC
| LEADER | 00000nam a22000003a 4500 | ||
|---|---|---|---|
| 001 | stu31987 | ||
| 005 | 20150408180949.5 | ||
| 008 | 950221s1989----cs------------------cze-d | ||
| 040 | |a STU |b slo | ||
| 041 | 0 | |a cze | |
| 044 | |a cs | ||
| 080 | |a 536.6 | ||
| 245 | |a Směrnice pro měření teplot v prúmyslu. ČSN schválena 15.7.1988 | ||
| 260 | |a Praha : |b VÚNM, |c 1989 | ||
| 300 | |a 137 s | ||
| 996 | |b J88135 |c J*88135 |l JJST |s P |a 0 |w stu31987_0001 | ||
| 996 | |b J88136 |c J*88136 |l JJST |s P |a 0 |w stu31987_0002 | ||